| 000 | 00454nam a2200145 4500 | ||
|---|---|---|---|
| 001 | 140501 | ||
| 003 | ES-MaACL | ||
| 007 | t| | ||
| 008 | 070214s1905 fr r ||||1| fre d | ||
| 100 | 1 |
_aSéailles, Gabriel. _9104982 |
|
| 245 | 1 | 3 |
_aLa philosophie de Charles Renouvier _b: introduction a l'etude du neocriticisme / _cGabriel Séailles. |
| 260 |
_aParis : _bEvreux Ch. Herissey, _c1905. |
||
| 300 |
_aIV, 402 p. ; _c22 cm. |
||
| 852 |
_aES-MaACL _jB-5953 |
||
| 999 |
_c140501 _d140501 |
||